Giáo trình lịch sử nhà nước và pháp luật thế giới

Nội dung sách giới thiệu các kiến thức cơ bản về sự ra đời và phát triển của nhà nước pháp luật trên thế giới từ nhà nyứoc pháp luật chiếm hữu nô lệ, phong kiến, tư sản dến nhà nước xã hội chủ nghĩa....

Full description

Saved in:
Bibliographic Details
Main Author: Nguyễn, Cảnh Hợp
Format: Book
Language:Undetermined
Published: Tp.Hồ Chí Minh Hồng đức 2014
Subjects:
Tags: Add Tag
No Tags, Be the first to tag this record!
Institutions: Trung tâm Học liệu Trường Đại học Cần Thơ
LEADER 01012nam a2200205Ia 4500
001 CTU_192809
008 210402s9999 xx 000 0 und d
020 |c 117000 
082 |a 340.09 
082 |b H466 
100 |a Nguyễn, Cảnh Hợp 
245 0 |a Giáo trình lịch sử nhà nước và pháp luật thế giới 
245 0 |c Nguyễn Cảnh Hợp, Đỗ Minh Khôi chủ biên 
260 |a Tp.Hồ Chí Minh 
260 |b Hồng đức 
260 |c 2014 
520 |a Nội dung sách giới thiệu các kiến thức cơ bản về sự ra đời và phát triển của nhà nước pháp luật trên thế giới từ nhà nyứoc pháp luật chiếm hữu nô lệ, phong kiến, tư sản dến nhà nước xã hội chủ nghĩa. 
650 |a Nhà nước và pháp luật,Legislative power 
904 |i Tuyến 
980 |a Trung tâm Học liệu Trường Đại học Cần Thơ